000 00986cam a2200169 4500500
005 20260329002616.0
041 _afre
042 _adc
100 1 0 _aRhattat, Rachid
_eauthor
700 1 0 _aDocq, Sébastien
_eauthor
245 0 0 _aMission-driven companies: a risk-based approach
260 _c2026.
500 _a84
520 _aThis article deals with the risks faced by a company wishing to become a mission-driven company. In addition to the existing and potential legal risks associated with liability issues, reputational risk can have a lasting impact on a company’s image. Through a multiple case study, we demonstrate that a pro-active and multidisciplinary approach is more necessary than ever to prevent and reduce the occurrence of risk.
786 0 _nVie & sciences de l'entreprise | 226-227 | 3-4 | 2026-02-03 | p. 172-188 | 2262-5321
856 4 1 _uhttps://shs.cairn.info/journal-vie-sciences-de-lentreprise-2025-3-4-page-172?lang=en&redirect-ssocas=7080
999 _c1816611
_d1816612